| 000 | 00732nam a2200265 i 4500 | ||
|---|---|---|---|
| 001 | 15766 | ||
| 003 | DO-SdUEMH | ||
| 005 | 20260211161759.0 | ||
| 007 | ta | ||
| 008 | 211105s2009||||dr a|||gr|||| 0|| | spa d | ||
| 040 |
_aDO-SdUEMH _bspa _erda |
||
| 041 | _aspa | ||
| 082 | 1 | 4 |
_aRD 353.59 R426R _mRD |
| 084 | _b09-00519 | ||
| 110 | _aRepública Dominicana: Junta Central Electoral (JCE) | ||
| 245 | 0 | _aLa Nueva era del Registro Civil | |
| 260 | _c2009 | ||
| 264 | 1 |
_aSanto Domingo, República Dominicana : _c2009 |
|
| 300 |
_a351 páginas : _bilustraciones ; _c21 cm. |
||
| 336 |
_2rdacontent _atexto _btxt |
||
| 337 |
_2rdamedia _asin mediación _bn |
||
| 338 |
_2rdacarrier _avolumen _bnc |
||
| 942 |
_2ddc _cBK _n0 |
||
| 999 |
_c15766 _d15766 |
||